00766nam a22001457a 4500008004100000050001400041100001500055245010300070260005500173300001800228505031700246700001500563700002100578700002100599120126t xxu||||| |||| 00| 0 eng d aHD.29.E38 aJain, N.M. aEffective management for national growth /cN.M Jain, S.P. Wahi, R.P. Billimoria, P. Shiv Shankar. aNew Delhi:bAll India Management Assocation,c1984 a179 p.c22cm  aContents: Introduction -- Effective Management: Research study findings -- Effective Management: Interantional experiences -- Effective Management in India: A Public sector viewpoint -- Effective Management in India: A Private sector viewpoint -- Effective management for National Growth -- Young managers' view. aWahi S.P.  aBillimoria R.P.  aShankar P. Shiv